All is found (frozen) - lyrics - Statistics

General Stats
  • This quiz has been taken 53 times
  • The average score is 89 of 110
Answer Stats
Answer % Correct
a
100%
full
97%
memory
97%
my
97%
of
97%
river
97%
the
97%
There's
97%
darling
93%
is
93%
meets
93%
north
93%
sea
93%
When
93%
wind
93%
Where
90%
all
86%
found
86%
in
86%
In
86%
you
86%
and
83%
And
83%
be
83%
deep
83%
Sleep
83%
sound
83%
For
79%
for
79%
hear
79%
her
79%
lost
79%
this
79%
to
79%
what
79%
bound
76%
safe
76%
too
76%
true
76%
you'll
76%
But
72%
Dive
72%
drowned
72%
mother
72%
waters
72%
can
69%
Can
69%
homeward
69%
into
69%
not
69%
or
69%
path
69%
then
69%
Come
66%
down
66%
far
66%
Lie
66%
she
66%
answers
62%
fear
55%
flows
55%
knows
55%
magic
55%
most
55%
those
55%
song
52%
will
52%
Yes
52%
sing
48%
face
45%
brave
41%
who'll
38%
No matching quizzes found
Score Distribution
Percent of People with Each Score
Percentile by Number Answered
Your Score History
You have not taken this quiz